The Social science project: then, now and next /
Guardado en:
| Autor principal: | |
|---|---|
| Formato: | Texto |
| Materias: | |
| Etiquetas: |
Agregar Etiqueta
Sin Etiquetas, Sea el primero en etiquetar este registro!
|
MARC
| LEADER | 00000 a a2200000 04500 | ||
|---|---|---|---|
| 001 | 8895 | ||
| 003 | |||
| 040 | |||
| 100 | |a Prewitt, Kenneth | ||
| 245 | |a The Social science project: then, now and next / |c Kenneth Prewitt | ||
| 650 | |a CIENCIAS SOCIALES | ||
| 773 | |g volumen 3, número 1 -2; páginas 1,5-9 | ||
| 999 | |c 35497 |d 35497 | ||
